Same Start and End Letter - Geography #1 - Statistics

General Stats
  • This quiz has been taken 35,186 times
  • The average score is 12 of 20
Answer Stats
Letter Hint Answer % Correct
A Largest U.S. State Alaska
95%
D Israeli symbol: Star of _____ David
93%
O Capital of Norway Oslo
92%
A Majority Muslim country of Europe Albania
85%
T Lhasa is the capital of this Himalayan region Tibet
76%
O Borders Quebec and Manitoba Ontario
71%
E Dubai or Sharjah, e.g. Emirate
69%
L Port city of northwest England Liverpool
68%
S Island nation in the Indian ocean Seychelles
64%
R Place where water is stored Reservoir
61%
U Ayers Rock by another name Uluru
60%
A Southernmost region of mainland Spain Andalusia
56%
G Sweden's second-largest city Gothenburg
53%
N New Zealand city named for an admiral Nelson
52%
B Notable tree of Madagascar Baobab
44%
H Islamist group in Lebanon Hezbollah
42%
E Third biggest city in Oregon (Hint: men's name) Eugene
38%
R Volcano visible from Seattle Rainier
33%
D Ruhr valley city Dortmund
29%
N One of the most-populous "towns" in England Northampton
18%
No matching quizzes found
Score Distribution
Percent of People with Each Score
Percentile by Number Answered
Your Score History
You have not taken this quiz